Dinosaur Species Names - Statistics

General Stats
  • This quiz has been taken 63 times
  • The average score is 4 of 20
Answer Stats
Genus Species % Correct
Tyrannosaurus Rex
100%
Yi Qi
53%
Allosaurus Fragilis
42%
Triceratops Horridus
33%
Velociraptor Mongoliensis
33%
Spinosaurus Aegyptiacus
28%
Carcharodontosaurus Saharicus
22%
Acrocanthosaurus Atokensis
19%
Edmontosaurus Regalis
19%
Carnotaurus Sastrei
14%
Ankylosaurus Magniventris
11%
Albertosaurus Sarcophagus
11%
Suchomimus Tenerensis
11%
Pachycephalosaurus Wyomingensis
11%
Giraffatitan Brancai
8%
Ceratosaurus Nasicornis
8%
Compsognathus Longipes
6%
Therizinosaurus Cheloniformes
3%
Silesaurus Opolensis
3%
Baryonyx Walkerii
3%
No matching quizzes found
Score Distribution
Percent of People with Each Score
Percentile by Number Answered
Your Score History
You have not taken this quiz